| 000 | 00562nam a22002057a 4500 | ||
|---|---|---|---|
| 005 | 20220615144644.0 | ||
| 008 | 220615b ||||| |||| 00| 0 eng d | ||
| 020 | _a0681603186 | ||
| 040 | _cAL | ||
| 041 | _aEnglish | ||
| 082 |
_223 _a355 _bCHAT |
||
| 100 |
_aDavid G Chandler _942762 |
||
| 245 | _aTime Chart History of War | ||
| 260 |
_aAnn Arbor _bLowe and B Hould Publishers _c2001 |
||
| 300 |
_a152 p. _bHB _c40x25 cm. |
||
| 650 |
_aMilitary art and science _942763 |
||
| 650 |
_aWar _942764 |
||
| 700 |
_aCHANDLER (David G) _942765 |
||
| 942 |
_2ddc _cGF |
||
| 999 |
_c223379 _d223379 |
||